Focus sur: Zacharias Smith - Harry Potter - Statistiques

Statistiques générales
  • Ce quiz a été pris 120 fois
  • Le résultat moyen est 5 sur 6
Statistiques - réponses
Informations recherchées Réponses % Correct
Lieu de rencontre avec Harry Potter Poudlard
100%
Ecole fréquentée Poudlard
100%
Statut du sang Sang-Pur
98%
Maison fréquentée Poufsouffle
97%
Première apparition Harry Potter et l'Ordre du Phénix
77%
Acteur l'interprétant dans les films Nick Shirm
17%
Aucun quiz correspondant
Distribution des résultats
% des personnes avec chaque résultat
Percentile par nombre de réponses
Votre historique - résultats
Vous n’avez pas pris ce quiz